[Event "Dubna Suetin Memorial"]
[Site "Dubna"]
[Date "2016.11.16"]
[Round "1"]
[White "Gavritenkov, Sergei"]
[Black "Golovin, Nikolay M"]
[Result "1-0"]
[WhiteElo "2433"]
[BlackElo "2223"]
[PlyCount "61"]
[EventDate "2016.11.16"]
[EventType "tourn"]
[EventRounds "13"]
[EventCountry "RUS"]
[EventCategory "5"]
[SourceTitle "CBM 175 Extra"]
[Source "ChessBase"]
[SourceDate "2016.12.12"]
[SourceVersion "1"]
[SourceVersionDate "2016.12.12"]
[SourceQuality "1"]

1. d4 Nf6 2. c4 g6 3. Nc3 Bg7 4. e4 d5 5. e5 Ne4 6. Nxd5 c6 7. Nc3 Nxc3 8. bxc3 c5 9. f4 0-0 10. d5 e6 11. Nf3 f6 12. Be2 fxe5 13. fxe5 Nd7 14. Bg5 Qa5 15. 0-0 Nxe5 16. Rc1 Nxf3+ 17. Bxf3 Bxc3 18. Qe2 Bd4+ 19. Kh1 Rf5 20. Bh6 Qd8 21. g4 Re5 22. Qg2 Be3 23. Rce1 Bxh6 24. Rxe5 Bg7 25. Re3 Bd4 26. Ree1 e5 27. Be4 Bd7 28. Rb1 Rb8 29. Qh3 Qe7 30. Qf3 Be8 31. d6 1-0

[Event "Raskazovo"]
[Site "Raskazovo"]
[Date "2015.04.15"]
[Round "11"]
[White "Golovin, Nikolay M"]
[Black "Moiseenko, Vladimir"]
[Result "1/2-1/2"]
[WhiteElo "2006"]
[BlackElo "1875"]
[PlyCount "56"]
[EventDate "2015.04.08"]
[EventType "tourn"]
[EventRounds "11"]
[EventCountry "RUS"]
[SourceTitle "CBM 166 Extra"]
[Source "ChessBase"]
[SourceDate "2015.06.18"]
[SourceVersion "1"]
[SourceVersionDate "2015.06.18"]
[SourceQuality "1"]

1. d4 Nf6 2. c4 g6 3. Nc3 d5 4. cxd5 Nxd5 5. e4 Nxc3 6. bxc3 Bg7 7. Bc4 c5 8. Ne2 Nc6 9. Be3 0-0 10. 0-0 Bg4 11. f3 Na5 12. Bxf7+ Rxf7 13. fxg4 Rxf1+ 14. Qxf1 Qd7 15. dxc5 Qxg4 16. Qf3 Qxf3 17. gxf3 Rd8 18. Rb1 Rd3 19. Bg5 Rxf3 20. Rb5 b6 21. Kg2 Rd3 22. cxb6 axb6 23. Rxb6 Kf7 24. Rb5 Nc4 25. a4 Ne3+ 26. Kg1 h6 27. Bxe3 Rxe3 28. Kf2 Rxe4 1/2-1/2

[Event "Raskazovo"]
[Site "Raskazovo"]
[Date "2015.04.09"]
[Round "3"]
[White "Gusev, Aleksey"]
[Black "Golovin, Nikolay M"]
[Result "1-0"]
[WhiteElo "1907"]
[BlackElo "1868"]
[PlyCount "113"]
[EventDate "2015.04.08"]
[EventType "tourn"]
[EventRounds "11"]
[EventCountry "RUS"]
[SourceTitle "CBM 166 Extra"]
[Source "ChessBase"]
[SourceDate "2015.06.18"]
[SourceVersion "1"]
[SourceVersionDate "2015.06.18"]
[SourceQuality "1"]

1. e4 d5 2. exd5 Nf6 3. Bb5+ Bd7 4. Bc4 Bg4 5. f3 Bc8 6. Nc3 Nbd7 7. Nge2 Nb6 8. Bb3 Nbxd5 9. d4 e6 10. 0-0 Be7 11. Ne4 Nb6 12. c4 0-0 13. N2c3 Nxe4 14. Nxe4 c6 15. Be3 a5 16. Qe2 Nd7 17. Rad1 Nf6 18. Bc2 h6 19. Nxf6+ Bxf6 20. Qd3 g6 21. Bxh6 Re8 22. Qe3 Qe7 23. Bf4 e5 24. dxe5 Bxe5 25. Bxe5 Qxe5 26. Qxe5 Rxe5 27. Rd8+ Kg7 28. Kf2 b5 29. Bd3 Bb7 30. Rxa8 Bxa8 31. Re1 Rxe1 32. Kxe1 bxc4 33. Bxc4 c5 34. Kd2 Bc6 35. h4 f6 36. Kd3 Kh6 37. Bf7 Bb5+ 38. Ke4 Kh5 39. g3 Bc6+ 40. Bd5 Be8 41. a3 Ba4 42. Ba8 Bb3 43. Bd5 Ba4 44. Bb7 Bd1 45. Bc6 Bb3 46. Be8 Bg8 47. Bd7 Bc4 48. Ba4 Ba6 49. Kd5 c4 50. Bd1 g5 51. f4+ Kh6 52. hxg5+ fxg5 53. f5 Bc8 54. f6 Kg6 55. Ke5 g4 56. Be2 Kf7 57. Bxc4+ 1-0

[Event "Tula Novikov Memorial"]
[Site "Tula"]
[Date "2014.08.01"]
[Round "13"]
[White "Golovin, Nikolay M"]
[Black "Tishin, Petr"]
[Result "0-1"]
[WhiteElo "2344"]
[BlackElo "2410"]
[PlyCount "76"]
[EventDate "2014.07.21"]
[EventType "tourn"]
[EventRounds "13"]
[EventCountry "RUS"]
[EventCategory "6"]
[SourceTitle "EXT 2015"]
[Source "ChessBase"]
[SourceDate "2014.11.20"]
[SourceVersion "1"]
[SourceVersionDate "2014.11.20"]
[SourceQuality "1"]

1. d4 Nf6 2. c4 e6 3. Nf3 b6 4. a3 Bb7 5. Nc3 d5 6. cxd5 Nxd5 7. Bd2 Nd7 8. Qc2 c5 9. e4 Nxc3 10. Bxc3 cxd4 11. Nxd4 a6 12. g3 Qc7 13. Bg2 Rc8 14. 0-0 Be7 15. Rac1 0-0 16. Qe2 Rfd8 17. b4 Ne5 18. Bb2 Nc4 19. Rfd1 b5 20. Nb3 Rxd1+ 21. Rxd1 h6 22. f4 Rd8 23. Bc1 Rxd1+ 24. Qxd1 a5 25. bxa5 Nxa5 26. Nxa5 Qxa5 27. Qd3 Qe1+ 28. Qf1 Qc3 29. e5 Bxg2 30. Kxg2 Qc2+ 31. Kh3 Bc5 32. Qe1 Qd3 33. Kg2 Bxa3 34. Bxa3 Qxa3 35. Kf2 b4 36. f5 b3 37. fxe6 Qc5+ 38. Kf3 Qd5+ 0-1

[Event "Tula Novikov Memorial"]
[Site "Tula"]
[Date "2014.07.26"]
[Round "5"]
[White "Golovin, Nikolay M"]
[Black "Sevdimaliyev, Urfan"]
[Result "0-1"]
[WhiteElo "2344"]
[BlackElo "2377"]
[PlyCount "100"]
[EventDate "2014.07.21"]
[EventType "tourn"]
[EventRounds "13"]
[EventCountry "RUS"]
[EventCategory "6"]
[SourceTitle "EXT 2015"]
[Source "ChessBase"]
[SourceDate "2014.11.20"]
[SourceVersion "1"]
[SourceVersionDate "2014.11.20"]
[SourceQuality "1"]

1. d4 Nf6 2. c4 g6 3. Nc3 d5 4. cxd5 Nxd5 5. e4 Nxc3 6. bxc3 Bg7 7. Nf3 c5 8. Rb1 0-0 9. Be2 Nc6 10. d5 Ne5 11. Nxe5 Bxe5 12. Qd2 e6 13. f4 Bg7 14. c4 Re8 15. e5 f6 16. d6 fxe5 17. Bb2 exf4 18. Bxg7 Kxg7 19. 0-0 Rf8 20. Rxf4 Rxf4 21. Qxf4 Qf6 22. Qe4 Rb8 23. Rf1 Qd4+ 24. Qxd4+ cxd4 25. Bf3 Bd7 26. Rb1 b6 27. Rb3 Rc8 28. Ra3 a5 29. Rb3 Kf6 30. Rxb6 Ke5 31. Be2 a4 32. Kf2 Rc6 33. Rb5+ Kxd6 34. Ra5 Rc7 35. Ke1 Bc6 36. c5+ Ke5 37. Bf3 Bxf3 38. gxf3 Kf4 39. Ke2 e5 40. Rb5 h5 41. a3 g5 42. Rb8 g4 43. Rf8+ Kg5 44. Rg8+ Kf5 45. Rf8+ Ke6 46. Re8+ Kd5 47. fxg4 hxg4 48. Kd3 Rxc5 49. Rd8+ Ke6 50. Rg8 Rc3+ 0-1

[Event "Tula Novikov Memorial"]
[Site "Tula"]
[Date "2014.07.26"]
[Round "6"]
[White "Yagubi, Asif"]
[Black "Golovin, Nikolay M"]
[Result "1-0"]
[WhiteElo "2380"]
[BlackElo "2344"]
[PlyCount "81"]
[EventDate "2014.07.21"]
[EventType "tourn"]
[EventRounds "13"]
[EventCountry "RUS"]
[EventCategory "6"]
[SourceTitle "EXT 2015"]
[Source "ChessBase"]
[SourceDate "2014.11.20"]
[SourceVersion "1"]
[SourceVersionDate "2014.11.20"]
[SourceQuality "1"]

1. e4 e5 2. Nf3 Nc6 3. Bb5 Nf6 4. 0-0 Nxe4 5. Re1 Nd6 6. Nxe5 Be7 7. Bd3 Nb4 8. Qg4 Nxd3 9. Qxg7 Nxe1 10. Qxh8+ Bf8 11. d4 Qh4 12. Nc3 Nxc2 13. Nd5 Ne4 14. g3 Qh5 15. Bg5 Qxg5 16. Qxh7 Qg7 17. Qxe4 Kd8 18. Qxc2 c6 19. Ne3 f6 20. Ng6 d5 21. Nxf8 Qxf8 22. Qh7 Bd7 23. h4 Kc7 24. h5 Re8 25. Rc1 Qd6 26. Qg7 Kd8 27. Re1 Qf8 28. Qxf8 Rxf8 29. f3 a5 30. Kg2 Rf7 31. g4 Rh7 32. Kg3 b6 33. Kf4 Be6 34. Nf5 Kd7 35. Nh4 Kd6 36. Ng6 Bd7 37. Nf8 Rh6 38. Nxd7 Kxd7 39. Kf5 c5 40. Re6 cxd4 41. Rxb6 1-0